MARC

LEADER 00000nam0a2200000 4500
001 370850
005 20231102012324.0
035 |a (RuTPU)RU\TPU\retro\28259 
035 |a RU\TPU\book\323163 
090 |a 370850 
100 |a 20220809d1956 k y0rusy50 ca 
101 0 |a rus 
102 |a RU 
105 |a a z 001zy 
200 1 |a Петрография металлургических и топливных шлаков  |f В. В. Лапин  |g Академия наук СССР (АН СССР), Институт геологии рудных месторождений, петрографии, минералогии и геохимии (ИГЕМ) ; гл. ред. Г. Д. Афанасьев 
210 |a Москва  |c Изд-во АН СССР  |d 1956 
215 |a 326 с.  |c ил. 
225 1 |a Труды института геологии рудных месторождений, петрографии, минералогии и геохимии  |v Вып. 2 
320 |a Библиогр.: с. 295-315 
606 1 |a Петрография техническая  |2 stltpush  |3 (RuTPU)RU\TPU\subj\48707  |9 67553 
610 1 |a металлургические шлаки 
610 1 |a топливные шлаки 
610 1 |a исследования 
610 1 |a химический состав 
610 1 |a минералы 
610 1 |a группы 
610 1 |a микроструктуры 
675 |a 552  |v 4 
700 1 |a Лапин  |b В. В.  |g Владимир Васильевич 
702 1 |a Афанасьев  |b Г. Д.  |4 651 
712 0 2 |a Академия наук СССР (АН СССР)  |b Институт геологии рудных месторождений, петрографии, минералогии и геохимии (ИГЕМ)  |c (Москва)  |2 stltpush  |3 (RuTPU)RU\TPU\col\11398 
801 1 |a RU  |b 63413507  |c 20150615 
801 2 |a RU  |b 63413507  |c 20220809  |g RCR 
942 |c BK